[Event "Gojas State-ch"]
[Site "Goiania"]
[Date "2021.12.03"]
[Round "1"]
[White "Diamant, Andre"]
[Black "Gattamorta, Julia Marzanatti"]
[Result "1-0"]
[WhiteElo "2536"]
[BlackElo "1496"]
[PlyCount "45"]
[EventDate "2021.12.03"]
[EventType "swiss"]
[EventRounds "6"]
[EventCountry "BRA"]
[SourceTitle "EXT 2023"]
[Source "ChessBase"]
[SourceDate "2022.10.05"]
[SourceVersion "1"]
[SourceVersionDate "2022.10.05"]
[SourceQuality "1"]

1. e4 c5 2. Nf3 Nc6 3. d4 cxd4 4. Nxd4 g6 5. c4 Bg7 6. Be3 Nf6 7. Nc3 Nxd4 8. Bxd4 d6 9. Be2 Bd7 10. 0-0 0-0 11. Re1 Bc6 12. Bd3 e6 13. Qd2 d5 14. cxd5 exd5 15. e5 Nd7 16. f4 Bh6 17. Qf2 Qc7 18. f5 Rae8 19. Qh4 Bg7 20. f6 Bh8 21. Re3 Nxe5 22. Qf4 Bxf6 23. Qxf6 1-0

[Event "Gojas State-ch"]
[Site "Goiania"]
[Date "2021.12.03"]
[Round "2"]
[White "Gattamorta, Julia Marzanatti"]
[Black "Diamant, Andre"]
[Result "0-1"]
[WhiteElo "1496"]
[BlackElo "2536"]
[PlyCount "48"]
[EventDate "2021.12.03"]
[EventType "swiss"]
[EventRounds "6"]
[EventCountry "BRA"]
[SourceTitle "EXT 2023"]
[Source "ChessBase"]
[SourceDate "2022.10.05"]
[SourceVersion "1"]
[SourceVersionDate "2022.10.05"]
[SourceQuality "1"]

1. d4 Nf6 2. c4 e6 3. Nc3 Bb4 4. Nf3 b6 5. Bg5 Bb7 6. e3 h6 7. Bh4 g5 8. Bg3 Ne4 9. Rc1 Bxc3+ 10. bxc3 d6 11. d5 Nd7 12. dxe6 fxe6 13. Be2 Ndf6 14. 0-0 Qe7 15. Qa4+ Qd7 16. Qxd7+ Kxd7 17. Rfd1 Ke7 18. Nd4 h5 19. h3 Nxg3 20. fxg3 g4 21. Bd3 gxh3 22. gxh3 Rag8 23. Kh2 Rf8 24. Be2 Ng4+ 0-1

[Event "Goiania STD op"]
[Site "Goiania"]
[Date "2018.03.10"]
[Round "3"]
[White "Gattamorta, Julia Marzanatti"]
[Black "De Paiva, Ricardo Carisio Bat"]
[Result "1-0"]
[WhiteElo "1494"]
[BlackElo "1670"]
[PlyCount "125"]
[EventDate "2018.03.09"]
[EventType "swiss"]
[EventRounds "6"]
[EventCountry "BRA"]
[SourceTitle "CBM 183 Extra"]
[Source "ChessBase"]
[SourceDate "2018.04.19"]
[SourceVersion "1"]
[SourceVersionDate "2018.04.19"]
[SourceQuality "1"]

1. d4 Nf6 2. c4 g6 3. Nc3 Bg7 4. Nf3 0-0 5. Bf4 d6 6. e3 b6 7. Be2 Bb7 8. 0-0 Nfd7 9. Bg5 f6 10. Bh4 e5 11. d5 g5 12. Qc2 gxh4 13. Nxh4 f5 14. Nxf5 Qf6 15. Ng3 Na6 16. Bd3 Qh6 17. f4 Nb4 18. Qe2 Nxd3 19. Qxd3 exf4 20. Nf5 Qg5 21. Rxf4 Nc5 22. Qc2 Rxf5 23. Qxf5 Qxf5 24. Rxf5 Ba6 25. Rf4 Nd3 26. Rg4 Nxb2 27. Nb5 Bxb5 28. cxb5 Na4 29. Rc1 Nc5 30. Rcc4 a6 31. Rg3 Kh8 32. bxa6 Rxa6 33. Rcg4 Rxa2 34. h3 Ra1+ 35. Kh2 Ne4 36. Rxe4 Be5 37. Rxe5 dxe5 38. Rg5 b5 39. Rxe5 Rc1 40. Re8+ Kg7 41. Rc8 Kf7 42. d6 Ke6 43. dxc7 Kd7 44. Rb8 Rxc7 45. Rxb5 Ke6 46. e4 Rc4 47. Rb6+ Ke5 48. Rh6 Rc7 49. Rh4 Rg7 50. Rg4 Rxg4 51. hxg4 Kxe4 52. Kh3 Ke5 53. Kh4 Kf6 54. g5+ Kg6 55. Kg4 h6 56. gxh6 Kxh6 57. Kf5 Kg7 58. Kg5 Kh7 59. Kf6 Kh6 60. g4 Kh7 61. g5 Kg8 62. Kg6 Kh8 63. Kf7 1-0

[Event "Goiania FEXEG Cup"]
[Site "Goiania"]
[Date "2017.10.28"]
[Round "4"]
[White "Gattamorta, Julia Marzanatti"]
[Black "Labussiere, Yago"]
[Result "0-1"]
[WhiteElo "1584"]
[BlackElo "1929"]
[PlyCount "36"]
[EventDate "2017.10.27"]
[EventType "swiss"]
[EventRounds "6"]
[EventCountry "BRA"]
[SourceTitle "CBM 181 Extra"]
[Source "ChessBase"]
[SourceDate "2017.12.12"]
[SourceVersion "1"]
[SourceVersionDate "2017.12.12"]
[SourceQuality "1"]

1. e4 c5 2. Nf3 Nc6 3. d4 cxd4 4. Nxd4 g6 5. Nc3 Bg7 6. Be3 Nf6 7. f3 0-0 8. Qd2 d5 9. Nxc6 bxc6 10. 0-0-0 Qc7 11. exd5 cxd5 12. Nxd5 Nxd5 13. Qxd5 Rb8 14. c3 Rxb2 15. Bd4 Bxd4 16. Qxd4 Rxa2 17. Rd2 Ra1+ 18. Kb2 Qa5 0-1

[Event "BRA-ch U26 (Women)"]
[Site "Goiania"]
[Date "2017.10.22"]
[Round "7"]
[White "Gattamorta, Julia Marzanatti"]
[Black "Simoes, Teresa Luenysten Da"]
[Result "1-0"]
[WhiteElo "1584"]
[BlackElo "1697"]
[PlyCount "78"]
[EventDate "2017.10.19"]
[EventType "swiss"]
[EventRounds "7"]
[EventCountry "BRA"]
[SourceTitle "CBM 181 Extra"]
[Source "ChessBase"]
[SourceDate "2017.12.12"]
[SourceVersion "1"]
[SourceVersionDate "2017.12.12"]
[SourceQuality "1"]

1. e4 g6 2. Nf3 Bg7 3. d4 d6 4. Bc4 Nf6 5. Nc3 0-0 6. 0-0 Nfd7 7. Bg5 Nf6 8. e5 Ng4 9. h3 Nh6 10. Qd2 Nf5 11. g4 Nxd4 12. Nxd4 dxe5 13. Nf3 Qxd2 14. Nxd2 Nc6 15. Nd5 Kh8 16. Nxc7 Rb8 17. Ne4 f6 18. Be3 Rd8 19. Rfd1 Bd7 20. Nc5 Nd4 21. Bxd4 exd4 22. Rxd4 Bc6 23. Rad1 Rxd4 24. Rxd4 f5 25. Rd3 fxg4 26. hxg4 Rc8 27. N5e6 Be4 28. Rd7 Bf6 29. g5 Bf5 30. gxf6 Bxe6 31. Bxe6 exf6 32. Rxh7+ Kxh7 33. Bxc8 b6 34. Nb5 Kg7 35. Nxa7 Kf7 36. Nc6 Ke8 37. c4 g5 38. b4 Kf8 39. a4 Kf7 1-0

[Event "BRA-ch U26 (Women)"]
[Site "Cuiaba"]
[Date "2016.11.06"]
[Round "7"]
[White "Cisz, Isadora Bernardo"]
[Black "Gattamorta, Julia Marzanatti"]
[Result "1-0"]
[WhiteElo "1653"]
[BlackElo "1626"]
[PlyCount "65"]
[EventDate "2016.11.03"]
[EventType "swiss"]
[EventRounds "7"]
[EventCountry "BRA"]
[SourceTitle "CBM 175 Extra"]
[Source "ChessBase"]
[SourceDate "2016.12.12"]
[SourceVersion "1"]
[SourceVersionDate "2016.12.12"]
[SourceQuality "1"]

1. e4 e6 2. d4 d5 3. exd5 exd5 4. Bd3 Bd6 5. Ne2 Nf6 6. 0-0 0-0 7. c3 Bg4 8. f3 Be6 9. Qc2 c6 10. Bf4 Be7 11. Nd2 c5 12. dxc5 Bxc5+ 13. Kh1 Nbd7 14. Nb3 Bb6 15. Ned4 Re8 16. Nb5 Nf8 17. Rfe1 a6 18. N5d4 Bc7 19. Bxc7 Qxc7 20. Nd2 Nh5 21. Nf1 Qd7 22. Ne3 Nf4 23. Bf5 Bxf5 24. Nexf5 N8e6 25. Qd2 Nxd4 26. Nxd4 Ne6 27. Rad1 Nxd4 28. Qxd4 Rxe1+ 29. Rxe1 Re8 30. Re5 Rc8 31. c4 Kf8 32. Rxd5 Qxd5 33. cxd5 1-0

[Event "BRA-ch U26 (Women)"]
[Site "Cuiaba"]
[Date "2016.11.06"]
[Round "6"]
[White "Gattamorta, Julia Marzanatti"]
[Black "Pascual, Julia Figueiredo"]
[Result "1-0"]
[WhiteElo "1626"]
[BlackElo "1230"]
[PlyCount "74"]
[EventDate "2016.11.03"]
[EventType "swiss"]
[EventRounds "7"]
[EventCountry "BRA"]
[SourceTitle "CBM 175 Extra"]
[Source "ChessBase"]
[SourceDate "2016.12.12"]
[SourceVersion "1"]
[SourceVersionDate "2016.12.12"]
[SourceQuality "1"]

1. e4 e5 2. Nf3 Nc6 3. Bc4 Nf6 4. 0-0 Nxe4 5. Re1 Nd6 6. Nxe5 Nxe5 7. Rxe5+ Be7 8. Bb3 0-0 9. d4 g6 10. Bh6 Re8 11. Qf3 Nf5 12. Rxf5 Bf6 13. Nd2 gxf5 14. Qg3+ Kh8 15. Bxf7 Re7 16. Bh5 Bg7 17. Bg5 Bxd4 18. c3 Bg7 19. Qh4 Bf8 20. Bf6+ Kg8 21. Qg5+ Rg7 22. Bxd8 Rxg5 23. Bxg5 Kg7 24. Re1 b6 25. Be7 Bb7 26. Bxf8+ Kxf8 27. Re5 d5 28. Rxf5+ Ke7 29. Rf7+ Kd6 30. Rxh7 a5 31. f4 Rf8 32. Rf7 Rxf7 33. Bxf7 Bc8 34. Kf2 Bf5 35. Kf3 c5 36. g4 Be6 37. Bxe6 Kxe6 1-0

[Event "BRA-ch U26 (Women)"]
[Site "Cuiaba"]
[Date "2016.11.04"]
[Round "2"]
[White "Gattamorta, Julia Marzanatti"]
[Black "Simoes, Teresa Luenysten Da"]
[Result "1-0"]
[WhiteElo "1626"]
[BlackElo "1697"]
[PlyCount "91"]
[EventDate "2016.11.03"]
[EventType "swiss"]
[EventRounds "7"]
[EventCountry "BRA"]
[SourceTitle "CBM 175 Extra"]
[Source "ChessBase"]
[SourceDate "2016.12.12"]
[SourceVersion "1"]
[SourceVersionDate "2016.12.12"]
[SourceQuality "1"]

1. e4 g6 2. Nf3 d6 3. d4 Nc6 4. Bb5 Bd7 5. 0-0 Bg7 6. c3 Nf6 7. Re1 0-0 8. Nbd2 a6 9. Ba4 e5 10. dxe5 Nxe5 11. Nxe5 dxe5 12. Nf3 Bxa4 13. Qxa4 Nh5 14. Bg5 Bf6 15. Rad1 Qe8 16. Qxe8 Rfxe8 17. Rd7 Rac8 18. g4 Bxg5 19. Nxg5 f6 20. Nxh7 Red8 21. gxh5 Rxd7 22. Nxf6+ Kg7 23. Nxd7 Re8 24. hxg6 Kxg6 25. Re3 b6 26. Rd3 Kg5 27. Rf3 Kg4 28. Kg2 Re7 29. Nf6+ Kg5 30. Rf5+ Kg6 31. Ng4 Rg7 32. Rxe5 Kf7 33. Kg3 Rg6 34. f4 c6 35. Rf5+ Ke6 36. h4 Rg7 37. h5 Rg8 38. h6 Rh8 39. Rf6+ Ke7 40. e5 Rf8 41. Rxf8 Kxf8 42. h7 Kg7 43. Nf6 c5 44. Kg4 b5 45. Kf5 a5 46. e6 1-0

[Event "BRA-ch U26 (Women)"]
[Site "Cuiaba"]
[Date "2016.11.04"]
[Round "3"]
[White "Oliveira, Kamila Stefane Sant"]
[Black "Gattamorta, Julia Marzanatti"]
[Result "0-1"]
[WhiteElo "1761"]
[BlackElo "1626"]
[PlyCount "86"]
[EventDate "2016.11.03"]
[EventType "swiss"]
[EventRounds "7"]
[EventCountry "BRA"]
[SourceTitle "CBM 175 Extra"]
[Source "ChessBase"]
[SourceDate "2016.12.12"]
[SourceVersion "1"]
[SourceVersionDate "2016.12.12"]
[SourceQuality "1"]

1. d4 Nf6 2. Nf3 g6 3. e3 Bg7 4. Bd3 0-0 5. c4 c5 6. Nc3 d5 7. dxc5 dxc4 8. Bxc4 Qa5 9. 0-0 Qxc5 10. Bb3 Nc6 11. a3 Bf5 12. Nd5 Ne4 13. Qc2 e6 14. Qxc5 Nxc5 15. Ba2 exd5 16. Bxd5 Rac8 17. Ra2 a5 18. Rd1 Rfd8 19. b4 axb4 20. Rad2 Bc3 21. Re2 Be6 22. e4 f5 23. Bg5 Rd7 24. Rc2 fxe4 25. axb4 Bxb4 26. Ne1 Rxd5 27. Rxd5 Bxd5 28. Be3 b6 29. Kf1 Bxe1 30. Kxe1 Ra8 31. Rd2 Ra1+ 32. Ke2 Ra2 33. Bxc5 Rxd2+ 34. Kxd2 bxc5 35. Kc3 Kf7 36. f4 exf3 37. gxf3 Bxf3 38. Kc4 Ne5+ 39. Kxc5 Ng4 40. h4 h5 41. Kd4 Kf6 42. Kc5 g5 43. hxg5+ Kxg5 0-1

[Event "BRA-ch U26 (Women)"]
[Site "Uberlandia"]
[Date "2015.10.17"]
[Round "4"]
[White "Gattamorta, Julia Marzanatti"]
[Black "Da Silva, Sandra de Jesus F"]
[Result "0-1"]
[WhiteElo "1789"]
[BlackElo "1607"]
[PlyCount "50"]
[EventDate "2015.10.15"]
[EventType "swiss"]
[EventRounds "7"]
[EventCountry "BRA"]
[SourceTitle "CBM 168 Extra"]
[Source "ChessBase"]
[SourceDate "2015.10.29"]
[SourceVersion "1"]
[SourceVersionDate "2015.10.29"]
[SourceQuality "1"]

1. e4 e5 2. Nf3 Nc6 3. Bc4 Bc5 4. 0-0 Nf6 5. Re1 0-0 6. d3 h6 7. c3 d6 8. h3 a6 9. Bb3 Nh7 10. d4 Bb6 11. dxe5 Nxe5 12. Nbd2 Qf6 13. Rf1 Qg6 14. Nxe5 dxe5 15. Qf3 Ng5 16. Qg3 Nxh3+ 17. Kh2 Qxg3+ 18. fxg3 Ng5 19. Nc4 Nxe4 20. Nxe5 Bf2 21. g4 Bg3+ 22. Kh3 Bxe5 23. Re1 Nf2+ 24. Kh4 g5+ 25. Kh5 Bxg4+ 0-1

[Event "BRA-ch U26 (Women)"]
[Site "Uberlandia"]
[Date "2015.10.16"]
[Round "3"]
[White "Sallaberry, Ana Paula Nogueira"]
[Black "Gattamorta, Julia Marzanatti"]
[Result "0-1"]
[WhiteElo "1576"]
[BlackElo "1789"]
[PlyCount "116"]
[EventDate "2015.10.15"]
[EventType "swiss"]
[EventRounds "7"]
[EventCountry "BRA"]
[SourceTitle "CBM 168 Extra"]
[Source "ChessBase"]
[SourceDate "2015.10.29"]
[SourceVersion "1"]
[SourceVersionDate "2015.10.29"]
[SourceQuality "1"]

1. e4 c6 2. d4 d5 3. e5 Bf5 4. g4 Bg6 5. Be3 e6 6. Nc3 Qb6 7. b3 Bb4 8. Qd2 Qa5 9. Nge2 Be4 10. Rg1 Bf3 11. Qd3 Bxe2 12. Bxe2 Bxc3+ 13. Bd2 Bxd2+ 14. Qxd2 Qxd2+ 15. Kxd2 Nd7 16. Rac1 f6 17. f4 c5 18. c3 Ne7 19. Ke3 0-0 20. h4 fxe5 21. fxe5 Rac8 22. h5 cxd4+ 23. cxd4 Rxc1 24. Rxc1 Rc8 25. Rxc8+ Nxc8 26. Kf4 Kf7 27. Bd3 h6 28. g5 hxg5+ 29. Kxg5 Ne7 30. Kf4 a6 31. a3 Nb8 32. b4 Nbc6 33. Ke3 Nf5+ 34. Bxf5 exf5 35. Kd3 f4 36. Kc3 f3 37. Kd3 f2 38. Ke2 Nxd4+ 39. Kxf2 Nc2 40. Kf3 Nxa3 41. Kf4 Nc4 42. Kf5 b6 43. e6+ Kf8 44. Kg6 Nd6 45. e7+ Kg8 46. h6 gxh6 47. Kf6 h5 48. Ke5 Ne8 49. Kxd5 h4 50. Ke4 h3 51. Kf3 h2 52. Kg2 h1Q+ 53. Kxh1 Kf7 54. Kg2 Kxe7 55. Kf3 Kd6 56. Ke4 Kc6 57. Kd4 Kb5 58. Kc3 Nc7 0-1

[Event "Goiania-ch U18"]
[Site "Goiania"]
[Date "2014.04.06"]
[Round "4"]
[White "Rosa, Joao Paulo"]
[Black "Gattamorta, Julia Marzanatti"]
[Result "0-1"]
[WhiteElo "1567"]
[BlackElo "1795"]
[PlyCount "134"]
[EventDate "2014.04.05"]
[EventType "tourn"]
[EventRounds "5"]
[EventCountry "BRA"]
[SourceTitle "EXT 2016"]
[Source "ChessBase"]
[SourceDate "2015.10.08"]
[SourceVersion "1"]
[SourceVersionDate "2015.10.08"]
[SourceQuality "1"]

1. c4 Nf6 2. Nc3 e6 3. Nf3 d5 4. cxd5 exd5 5. d4 Bd6 6. g3 0-0 7. Bg2 Bf5 8. 0-0 c6 9. Re1 Re8 10. a3 a5 11. Na4 Nbd7 12. Nh4 Be6 13. Qc2 Rc8 14. Nc5 Qb6 15. Be3 Nf8 16. Bg5 N6d7 17. Rac1 h6 18. Bd2 Nf6 19. Qc3 N6d7 20. Rc2 Qa7 21. Nxe6 Rxe6 22. Qxa5 Qxd4 23. Nf5 Qb6 24. Qxb6 Nxb6 25. Nxd6 Rxd6 26. Bb4 Rdd8 27. Ba5 Nfd7 28. Bh3 Nc4 29. Bxd8 Rxd8 30. Bxd7 Rxd7 31. Rd1 Re7 32. e3 Ne5 33. Kg2 f5 34. b4 b5 35. h3 Nc4 36. Rdc1 Re6 37. Rc3 g5 38. g4 fxg4 39. hxg4 Kf7 40. R1c2 Ne5 41. Kg3 Rf6 42. f4 Nc4 43. fxg5 hxg5 44. Rf2 Rxf2 45. Kxf2 Ke6 46. Ke2 Kd6 47. Kf3 Ne5+ 48. Kg3 Nc4 49. Rc1 Nxe3 50. Rh1 d4 51. Rh5 d3 52. Rxg5 d2 53. Rg6+ Ke5 54. Rg8 d1Q 55. Re8+ Kd4 56. Rd8+ Nd5 57. g5 Qg1+ 58. Kh4 Qh2+ 59. Kg4 Qf4+ 60. Kh5 Qf7+ 61. g6 Qg7 62. Ra8 Nf6+ 63. Kg5 Ne4+ 64. Kh5 Ke5 65. Re8+ Kf4 66. Re6 Ng3+ 67. Kh4 Qh6# 0-1

[Event "Goiania-ch (Women)"]
[Site "Goiania"]
[Date "2013.12.07"]
[Round "2"]
[White "Gattamorta, Julia Marzanatti"]
[Black "Lellis Moura, Ana Camilla Raulino"]
[Result "0-1"]
[WhiteElo "1795"]
[BlackElo "1746"]
[PlyCount "62"]
[EventDate "2013.12.07"]
[EventType "tourn"]
[EventRounds "5"]
[EventCountry "BRA"]
[SourceTitle "EXT 2016"]
[Source "ChessBase"]
[SourceDate "2015.10.08"]
[SourceVersion "1"]
[SourceVersionDate "2015.10.08"]
[SourceQuality "1"]

1. e4 c5 2. Nf3 d6 3. d4 cxd4 4. Nxd4 a6 5. Nc3 Nf6 6. Bc4 e6 7. 0-0 Be7 8. Bb3 b5 9. Nf3 b4 10. e5 bxc3 11. exf6 Bxf6 12. Nd4 cxb2 13. Bxb2 0-0 14. Qf3 d5 15. Rab1 a5 16. c4 a4 17. Bc2 Bb7 18. Ne2 Bxb2 19. Rxb2 Qc7 20. cxd5 Bxd5 21. Qh5 h6 22. Rc1 Qe7 23. Nf4 Rd8 24. Rcb1 Nc6 25. Nxd5 Rxd5 26. Be4 Rxh5 27. Bxc6 Rc8 28. Be4 g6 29. Rb7 Rhc5 30. Kf1 Rc1+ 31. Ke2 Qg5 0-1